000 nam a22 7a 4500
999 _c10418
_d10418
008 180216b ||||| |||| 00| 0 eng d
100 _aChugh, R K
_96179
245 _aComputer activity book - VI
260 _aNew Delhi
_bG, Ram Publication
_c2012